书目信息 |
| 题名: |
普通化学
|
|
| 作者: | 浙江大学普通化学教研组编 | |
| 分册: | ||
| 出版信息: | 北京 高等教育出版社 1981.01 |
|
| 页数: | 40页 | |
| 开本: | 32开 | |
| 丛书名: | ||
| 单 册: | ||
| 中图分类: | O6-43 | |
| 科图分类: | ||
| 主题词: | ||
| 电子资源: | ||
| ISBN: | ||
| 000 | 00493nam0 2200169 45 | |
| 001 | 0199001644 | |
| 005 | 20220606103555.77 | |
| 010 | @d1.05元 | |
| 100 | @a19990804d km y0chiy0120 ea | |
| 101 | 0 | @achi |
| 105 | @a z 000yy | |
| 200 | 1 | @APU TONG HUA XUE@FZHE JIANG DA XUE PU TONG HUA XUE JIAO YAN ZU BIAN@a普通化学@f浙江大学普通化学教研组编 |
| 210 | @a北京@c高等教育出版社@d1981.01 | |
| 215 | @a40页@c无图表@d32开 | |
| 690 | @aO6-43 | |
| 801 | 0 | @aCN@bPFT@c20220606 |
| 905 | @dO6-43@eZH680@f4 | |
| 普通化学/浙江大学普通化学教研组编.-北京:高等教育出版社,1981.01 |
| 40页:无图表;32开 |
| ISBN :1.05元 |
| ● |
| 相关链接 |
|
|
|
正题名:普通化学
索取号:O6-43/ZH680
 
预约/预借
| 序号 | 登录号 | 条形码 | 馆藏地/架位号 | 状态 | 备注 |
| 1 | 11842 | 200183247 | 自科二线504/504自科库 24排1列2层/ [索取号:O6-43/ZH:680] | 在馆 | |
| 2 | 11843 | 200186208 | 自科二线504/504自科库 24排1列1层/ [索取号:O6-43/ZH:680] | 在馆 | |
| 3 | 4810 | 200181249 | 自科二线504/504自科库 24排1列2层/ [索取号:O6-43/ZH:680] | 在馆 | |
| 4 | 873 | 200181739 | 自科库401/504自科库 24排1列2层/ [索取号:O6-43/ZH:680] | 在馆 |